00654nam a22001937a 450000500170000000800410001701600140005802000150007204000250008705000160011210000430012824500530017126000660022430000210029044000550031150000400036656300100040665000440041620250912102423.0210303s9999 xx 000 0 und d 2reto2022b a0821328662 aNLNbEngliusheAACR2 aDK254b.L35 aLENIN, Vladimir Il'ichd1870-1924eaut aAgainst liquidationism cby Vladimir Il'ch Lenin aMoscow, Russia :bForeign Languages Publishing House,c[n.d.] a413p. :b; 20cm. aTranslated form the Russian, edited by Tom Dexter' aIncludes bibliographical references a(pam) aLiteracy programsvDeveloping Countries